000 00533nam a2200193Ia 4500
005 20260429112159.0
008 260429s9999||||xx |||||||||||||| ||und||
020 _a9789386221582
041 _aEnglish
082 _a332.4954
_bDHI
100 _aDhingra, Ishwar C.
245 0 _aDemonetisation :
_bfirst step towards a cashless economy /
_cIshwar C. Dhingra
250 _a1st ed.
260 _aNew Delhi :
_bManakin Press,
_c2026.
300 _axi, 258 p.; hb
650 _a Economy
650 _aDemonetisation
942 _cTB
999 _c52758
_d52758